Quick Pick: Find the Fake Cards Quiz Stats

Quiz Updated Jul 29, 2016

Challenge
Share
Tweet
Embed
Score 0/10 Timer 01:00
1 Play Today
% Correct
10♪
98%
€♦
97%
£♠
96.1%
J★
94.5%
Λ♠
94.3%
Ω♥
93.3%
7▼
87%
O♠
74.4%
12♣
60.9%
1♥
60.6%

Today's Daily Dose

Word Ladder
'90s Movies

Quick Pick
'Fire' Movies

On This Day
June 19th II

You're not logged in!

Compare scores with friends on all Sporcle quizzes.
Join for Free
OR
Log In

You Might Also Like...

Show Comments

Extras

Top Quizzes Today


Score Distribution

Your Account Isn't Verified!

In order to create a playlist on Sporcle, you need to verify the email address you used during registration. Go to your Sporcle Settings to finish the process.

Report this User

Report this user for behavior that violates our Community Guidelines.

Details: